<?xml version="1.0" encoding="UTF-8"?><?xml-stylesheet type="text/xsl" href="static/style.xsl"?><OAI-PMH xmlns="http://www.openarchives.org/OAI/2.0/" xmlns:xsi="http://www.w3.org/2001/XMLSchema-instance" xsi:schemaLocation="http://www.openarchives.org/OAI/2.0/ http://www.openarchives.org/OAI/2.0/OAI-PMH.xsd"><responseDate>2026-06-02T21:42:11Z</responseDate><request verb="GetRecord" identifier="oai:riuma.uma.es:10630/6418" metadataPrefix="marc">https://riuma.uma.es/rest/oai/request</request><GetRecord><record><header><identifier>oai:riuma.uma.es:10630/6418</identifier><datestamp>2026-02-03T12:18:14Z</datestamp><setSpec>com_10630_2254</setSpec><setSpec>col_10630_37959</setSpec></header><metadata><record xmlns="http://www.loc.gov/MARC21/slim" xmlns:dcterms="http://purl.org/dc/terms/" xmlns:doc="http://www.lyncode.com/xoai" xmlns:xsi="http://www.w3.org/2001/XMLSchema-instance" xsi:schemaLocation="http://www.loc.gov/MARC21/slim http://www.loc.gov/standards/marcxml/schema/MARC21slim.xsd">
   <leader>00925njm 22002777a 4500</leader>
   <datafield ind2=" " ind1=" " tag="042">
      <subfield code="a">dc</subfield>
   </datafield>
   <datafield ind2=" " ind1=" " tag="720">
      <subfield code="a">Poncela-González, Javier</subfield>
      <subfield code="e">author</subfield>
   </datafield>
   <datafield ind2=" " ind1=" " tag="260">
      <subfield code="c">2013-11-11</subfield>
   </datafield>
   <datafield ind2=" " ind1=" " tag="520">
      <subfield code="a">Wireless underwater acoustic communication systems have become one of the most promising technologies for the development and deployment of future ocean observation and sensor networks. Applications range from oil prospecting and transportation to aquaculture, and include pollution control, climate recording, prediction of natural disturbances, search and survey missions, etc. The high attenuation of electromagnetic waves in underwater medium precludes them from being used as the information vehicle. Therefore, acoustic waves are the most viable alternative for the transmission. Nevertheless, the underwater acoustic channel is not free of drawbacks. On the contrary, it exhibits important obstacles that must be overcome if communication networks are to be implemented in the future. In addition, underwater systems have inherently serious problems of power supply and batteries duration. At the same time, network protocols must take into account the specific characteristics of the transmission medium, not dismissing the slow propagation speed. This talk will present an overall view of the acoustic channel characteristics and their impact on network protocols.</subfield>
   </datafield>
   <datafield ind1="8" ind2=" " tag="024">
      <subfield code="a">http://hdl.handle.net/10630/6418</subfield>
   </datafield>
   <datafield tag="653" ind2=" " ind1=" ">
      <subfield code="a">Acústica submarina</subfield>
   </datafield>
   <datafield ind2="0" ind1="0" tag="245">
      <subfield code="a">Underwater acoustic networks</subfield>
   </datafield>
</record>
</metadata></record></GetRecord></OAI-PMH>